000 00623nam a2200241Ia 4500
003 OSt
005 20220918200518.0
006 a|||||r|||| 00| 0
007 ta
008 220917b |||||||| |||| 00| 0 eng d
024 _a89,092
037 _cTextual
040 _aARTS
_cARTS
_beng
041 _2eng
_aeng
082 _aU28, K2
110 _aMeteorological Office (Great Britain)
_994378
245 0 _aCourse in elementary meteorology
260 _c1962
650 _aGEOGRAPHY
700 _aMeteorological Office (Great Britain)
_994379
942 _hU28, K2
_cTEXL
_2CC
999 _c212762
_d212762